|
|
|
|
| LEADER |
00000nab a2200000 a 4500 |
| 001 |
vtls000667994 |
| 003 |
SK-MaSNL |
| 005 |
20260426063423.0 |
| 008 |
161006c1997 xo 0 slo |
| 015 |
|
|
|a SNBRA1998/07-19125
|
| 035 |
|
|
|a CLN000020175
|
| 040 |
|
|
|a SNKBUCL
|b slo
|c SNKBUCL
|e AACR2
|
| 041 |
0 |
|
|a slo
|
| 044 |
|
|
|a xo
|c SK
|
| 080 |
|
|
|a 929.6(437.6)"15/16"
|2 1997
|
| 100 |
1 |
|
|a Federmayer, Frederik,
|d 1973-
|4 aut
|9 1635965
|
| 245 |
1 |
0 |
|a Erby bratislavských patricijov a mešťanov v 16. a 17. storočí
|c Frederik Federmayer
|
| 300 |
|
|
|b Obr.
|
| 504 |
|
|
|a Res. angl. Bibliogr. odkazy
|
| 650 |
0 |
7 |
|a heraldika meštianska
|z Slovensko
|y stor. 16.-17.
|2 snkbucl
|9 1286155
|
| 650 |
0 |
7 |
|a erby meštianske
|y stor. 16.-17.
|z Bratislava (Slovensko)
|2 snkbucl
|9 1286156
|
| 650 |
0 |
7 |
|a rody patricijské
|x erby
|y stor. 16.-17.
|z Bratislava (Slovensko)
|2 snkbucl
|9 1286157
|
| 651 |
|
7 |
|a Bratislava (Slovensko)
|2 snkbucl
|9 14568
|
| 655 |
|
7 |
|a články zo zborníkov
|2 snkbucl
|9 166140
|
| 773 |
0 |
|
|w SK01SNK19970252777
|z 8096770942
|t Heraldika na Slovensku
|d Martin : Slovenská genealogicko-heraldická spoločnosť pri Matici slovenskej, 1997
|g S. 85-93
|
| 850 |
|
|
|a Slovenská národná knižnica v Martine
|
| 852 |
|
|
|a SNK
|b KIS3GCP
|
| 958 |
|
|
|a NB
|
| 958 |
|
|
|a SK
|
| 999 |
|
|
|c 2555893
|d 2557823
|